Datum a čas kvízu
20
Celkem bodů
Celkový počet nahraných bodů na tomto kvízu bez doplňovacích otázek.
6.
Pořadí na kvízu
Konečné umístění týmu na tomto kvízu.
Zaznamenané odpovědi
| # | Otázka | Odpověď | Body | Výsledky |
|---|---|---|---|---|
| 1. | Ve středu jsme si prostřednict... | B) beze spěchu | 0 | |
| 2. | Americká novinářská asociace v... | Air Force One | 0 | |
| 3. | Ve středu zveřejnil americký č... | Taylor Swift | 1 | |
| 4. | Minulý týden jsme se dozvěděli... | Portál občana | 0 | |
| 5. | Ve středu odstartoval ve Spoje... | bronzové medaile | 0 | |
| 6. | Nobelovu cenu za objev krevníc... | Jan Janský | 0 | |
| 7. | Ve kterém orgánu lidského těla... | ve slezině | 0 | |
| 8. | Vyberte pravdivé tvrzení: | D | 1 | |
| 9. | Za půl bodu napište, jak se na... | Alexej; hemofilie | 0 | |
| 10. | Někteří bezobratlí živočichové... | hemolymfa; krvomíza | 0 |